| Tag |
First Indicator |
Second Indicator |
Subfields |
| LEADER |
00000cam a2200000Ia 4500 |
| 001 |
in00001840121 |
| 005 |
20151026073642.0 |
| 008 |
940826s1972 txua s000 0 eng d |
| 035 |
|
|
|a (OCoLC)ocm31021179
|
| 040 |
|
|
|a GIL
|c GIL
|d OCLCQ
|d TXA
|d UtOrBLW
|
| 049 |
|
|
|a TXAM
|
| 090 |
|
|
|a QE350.22.M48
|b B76 1972
|
| 100 |
1 |
|
|a Brooks, James M.
|
| 245 |
1 |
0 |
|a Dissolved light hydrocarbon study, Gulf of Mexico :
|b progress report /
|c J.M. Brooks, and W.M. Sackett.
|
| 264 |
|
1 |
|a College Station, Tex. :
|b Texas A & M University, Dept. of Oceanography,
|c 1972.
|
| 300 |
|
|
|a 40 pages :
|b illustrations ;
|c 28 cm.
|
| 336 |
|
|
|a text
|b txt
|2 rdacontent
|
| 337 |
|
|
|a unmediated
|b n
|2 rdamedia
|
| 338 |
|
|
|a volume
|b nc
|2 rdacarrier
|
| 500 |
|
|
|a "Study of naturally occurring hydrocarbons in the Gulf of Mexico. Sea Grant Project 53399, June 1972."
|
| 650 |
|
0 |
|a Oil seepage
|z Mexico, Gulf of.
|
| 650 |
|
0 |
|a Geology
|z Mexico, Gulf of.
|
| 650 |
|
0 |
|a Petroleum
|x Geology
|z Mexico, Gulf of.
|
| 650 |
|
0 |
|a Hydrocarbons
|z Mexico, Gulf of.
|
| 700 |
1 |
|
|a Sackett, William M.
|
| 710 |
2 |
|
|a Texas A & M University.
|b Department of Oceanography.
|
| 948 |
|
|
|a cataloged
|b h
|c 2004/7/8
|d c
|e jgreene
|f 3:41:32 pm
|
| 994 |
|
|
|a E0
|b TXA
|
| 999 |
|
|
|a MARS
|
| 999 |
f |
f |
|s 1f5f11b2-1c04-368d-bed0-ac3ffafbd29c
|i 1a63862e-9a88-3547-b6f7-28b0197d0fa9
|t 0
|
| 952 |
f |
f |
|p ric
|a Texas A&M University
|b Rellis Campus
|c Joint Library Facility
|s JLF
|d Remote Storage
|t 0
|e QE350.22.M48 B76 1972
|h Library of Congress classification
|i unmediated -- volume
|m A14832016068
|
| 998 |
f |
f |
|a QE350.22.M48 B76 1972
|t 0
|l Remote Storage
|